Chapter 7 Overlooking women’s lived realities (Record no. 35048)
[ view plain ]
| 000 -LEADER | |
|---|---|
| fixed length control field | 00669nam a2200121Ia 4500 |
| 008 - FIXED-LENGTH DATA ELEMENTS--GENERAL INFORMATION | |
| fixed length control field | 220620s9999||||xx |||||||||||||| ||und|| |
| 100 ## - MAIN ENTRY--PERSONAL NAME | |
| Personal name | Destrooper, Tine||Belghith, Safa |
| 245 #0 - TITLE STATEMENT | |
| Title | Chapter 7 Overlooking women’s lived realities |
| Remainder of title | How Tunisia’s Truth and Dignity Commission dealt with the hijab ban |
| 546 ## - LANGUAGE NOTE | |
| Language note | English[eng] |
| 650 ## - SUBJECT ADDED ENTRY--TOPICAL TERM | |
| Topical term or geographic name entry element | Arab Spring, Transitional Justice, North Africa, Anticorruption, Colonial Legacy, international involvement, Reparations, victim participation, youth leadership, activism, racial taboos |
| 856 ## - ELECTRONIC LOCATION AND ACCESS | |
| Uniform Resource Identifier | <a href="https://library.oapen.org/bitstream/20.500.12657/56703/1/9781003175223_10.43249781003175223-ch07.pdf">https://library.oapen.org/bitstream/20.500.12657/56703/1/9781003175223_10.43249781003175223-ch07.pdf</a> |
| 942 ## - ADDED ENTRY ELEMENTS (KOHA) | |
| Koha item type | E-Books |
| Withdrawn status | Lost status | Damaged status | Not for loan | Home library | Current library | Date acquired | Total Checkouts | Date last seen | Price effective from | Koha item type |
|---|---|---|---|---|---|---|---|---|---|---|
| Kerala University of Digital Sciences, Innovation and Technology Knowledge Centre | Kerala University of Digital Sciences, Innovation and Technology Knowledge Centre | 20/06/2022 | 20/06/2022 | 20/06/2022 | E-Books |